| 000 | 00726cam a2200253 4500 | ||
|---|---|---|---|
| 008 | 090401t1995 xxu||||| |||| 00| 0 eng d | ||
| 020 | _a1874059209 | ||
| 035 | _a(Sirsi) u73238 | ||
| 041 | _aeng | ||
| 050 | _a333.70285 | ||
| 110 |
_aAssociation for Geographic Information _9166 |
||
| 245 | 4 | _aThe AGI source book for geographic information systems 1996. | |
| 250 | _a7th ed. | ||
| 260 |
_aLondon _bAssociation for Geographic Information _c1995 |
||
| 300 | _a384p. ; 30cm. | ||
| 350 | _a29.5 | ||
| 650 | _aGIS | ||
| 650 | _aINFORMATION HIGHWAYS | ||
| 650 | _aPHOTOGRAMMETRY | ||
| 690 | _aLAND SURVEYING | ||
| 700 |
_aGreen, David, Rix, David and Corbin, Chris, _xEditor |
||
| 942 | _n0 | ||
| 948 | _c04/03/1997 | ||
| 999 |
_c95563 _d95563 |
||